00413nam a2200145Ia 4500003000400000008004100004040001600045082001600061100002700077245006600104260004800170300001000218650000900228650003000237GCL140319s9999 xx 000 0 eng d aGCL / cGCL04a791.43bS Q1 aSMITH, GIOFFREY NOWELL10aTHE OXFORD HISTORY OF WORLD CINEMA / cSMITH, GIOFFREY NOWELL a[S.N] : bOXFORD UNIVERSITY PRESS ، c1996 a824 P04aARTS04aDOCUMENTARY AND CRITICISM